书目信息 |
| 题名: |
心灵时代
|
|
| 作者: | 王极盛 著 | |
| 分册: | ||
| 出版信息: | 北京 中国城市出版社 1998 |
|
| 页数: | 14,417页 | |
| 开本: | 20cm | |
| 丛书名: | ||
| 单 册: | ||
| 中图分类: | R395.6 , B842 | |
| 科图分类: | ||
| 主题词: | 心理健康 , 心理过程 , 心理状态 | |
| 电子资源: | ||
| ISBN: | 7-5074-1002-1 | |
| 000 | 00696nam0 2200253 450 | |
| 001 | 1538412085 | |
| 005 | 20150126104037.29 | |
| 010 | @a7-5074-1002-1@dCNY21.80 | |
| 100 | @a20021005d1998 em y0chiy0110 ea | |
| 101 | 0 | @achi |
| 102 | @aCN@b110000 | |
| 105 | @af z 000yy | |
| 200 | 1 | @a心灵时代@9xin ling shi dai@e心理主宰健康@f王极盛著 |
| 210 | @a北京@c中国城市出版社@d1998 | |
| 215 | @a14,417页@c照片@d20cm | |
| 517 | 1 | @a心理主宰健康@9xin li zhu zai jian kang |
| 606 | 0 | @a心理健康 |
| 606 | 0 | @a心理过程 |
| 606 | 0 | @a心理状态 |
| 690 | @aR395.6@v5 | |
| 690 | @aB842@v4 | |
| 701 | 0 | @a王极盛@9wang ji sheng@f(1937~)@4著 |
| 801 | 0 | @aCN@bTSSF@c20150126 |
| 905 | @aZUCC@dB842@eJY216 | |
| 心灵时代:心理主宰健康/王极盛著.-北京:中国城市出版社,1998 |
| 14,417页:照片;20cm |
| ISBN 7-5074-1002-1:CNY21.80 |
| ● |
| 相关链接 |
|
|
|
|
正题名:心灵时代
索取号:B842/JY216
 
预约/预借
| 序号 | 登录号 | 条形码 | 馆藏地/架位号 | 状态 | 备注 |
| 1 | 7859143 | 278591436 | 学院路分馆/ [索取号:B842/JY216] | 在馆 |